Artemision : (Record no. 91887)
[ view plain ]
| 000 -LEADER | |
|---|---|
| fixed length control field | 00706cam a2200205 a 4500 |
| 001 - CONTROL NUMBER | |
| control field | w 09000160 |
| 003 - CONTROL NUMBER IDENTIFIER | |
| control field | DLC |
| 005 - DATE AND TIME OF LATEST TRANSACTION | |
| control field | 20260227112806.0 |
| 008 - FIXED-LENGTH DATA ELEMENTS--GENERAL INFORMATION | |
| fixed length control field | 000912s1909 nyu 000 0 eng c |
| 010 ## - LIBRARY OF CONGRESS CONTROL NUMBER | |
| LC control number | w 09000160 |
| 040 ## - CATALOGING SOURCE | |
| Original cataloging agency | Washington, D.C. Public Library |
| Transcribing agency | DLC |
| Modifying agency | DLC |
| 050 00 - LIBRARY OF CONGRESS CALL NUMBER | |
| Classification number | PR4787 |
| Item number | .A7 1909b |
| 100 1# - MAIN ENTRY--PERSONAL NAME | |
| Personal name | Hewlett, Maurice, |
| Dates associated with a name | 1861-1923. |
| 245 10 - TITLE STATEMENT | |
| Title | Artemision : |
| Remainder of title | idylls and songs / |
| Statement of responsibility, etc. | by Maurice Hewlett. |
| 260 ## - PUBLICATION, DISTRIBUTION, ETC. | |
| Place of publication, distribution, etc. | New York : |
| Name of publisher, distributor, etc. | C. Scribner's Sons, |
| Date of publication, distribution, etc. | 1909. |
| 300 ## - PHYSICAL DESCRIPTION | |
| Extent | 124 p. ; |
| Dimensions | 17 cm. |
| 561 ## - OWNERSHIP AND CUSTODIAL HISTORY | |
| Institution to which field applies | DLC |
| 700 1# - ADDED ENTRY--PERSONAL NAME | |
| Personal name | Rogers, Bruce, |
| Dates associated with a name | 1870-1957, |
| Relator term | former owner. |
| Institution to which field applies | DLC |
| 710 2# - ADDED ENTRY--CORPORATE NAME | |
| Corporate name or jurisdiction name as entry element | Pforzheimer Bruce Rogers Collection (Library of Congress) |
| Institution to which field applies | DLC |
No items available.